000 00352pam a2200157a 44500
008 230515b1987 xxu||||| |||| 00| 0 eng d
020 _aNULL
041 _aENGL
082 _a620.8/ DIE
100 _aDIETZ J.D.
245 _aENVIRONMENTAL ENGINEERING 1987
250 _aN.D.
260 _aNULL
_bASOCE
_c1987
300 _a729 PB
650 _aNULL
999 _c626352
_d626352